The Internet for dummies /

Saved in:
Bibliographic Details
Main Author: Levine, John R.
Other Authors: Baroudi, Carol
Format: Book
Language:English
Published: San Mateo, Calif. : IDG Books, c1994.
Edition:2nd ed.
Series:For dummies.
--For dummies
Subjects:
LEADER 01316cam a2200373 a 4500
001 c000379643
003 CARM
005 20110207142028.0
008 110207s1994 caua 001 0 eng d
010 |a 94078897 
019 1 |a 21606506  |z 11809511  |z 11249502  |z 23679409  |z 23959586  |5 LACONCORD2021 
020 |a 1568842228 (pbk.)  |c $19.99 ($26.99 Can.) 
035 |a (OCoLC)31259626  |5 LACONCORD2021 
040 |a DLC  |c DLC  |d DLC 
050 0 0 |a TK5105.875.I57  |b L48 1994b 
082 0 4 |a 004.678  |2 21 
100 1 |a Levine, John R. 
245 1 4 |a The Internet for dummies /  |c by John R. Levine and Carol Baroudi ; foreword by Paul McCloskey. 
250 |a 2nd ed. 
260 |a San Mateo, Calif. :  |b IDG Books,  |c c1994. 
300 |a xxviii, 427 p. :  |b ill. ;  |c 24 cm. 
490 1 |a For dummies. 
490 1 |a --For dummies 
500 |a Includes index. 
650 0 |a Internet. 
650 0 |a Computer networks. 
700 1 |a Baroudi, Carol. 
830 0 |a For dummies. 
830 2 |a --For dummies 
852 8 |b CARM  |p 0530792  |f BK 
852 8 |b SCAN  |h A3:AF01G0  |i C12639  |p 0530792  |f BK 
999 f f |i dd5e3fcd-1e89-5662-af9f-2bc67fbc3e86  |s 5605e6ed-bec9-5ee6-81aa-2e82b905b502 
952 f f |p Can circulate  |a CAVAL  |b CAVAL  |c CAVAL  |d CARM 1 Store  |i book  |m 0530792 
952 f f |a CAVAL  |b CAVAL  |c CAVAL  |d Unmapped Location  |e C12639  |f A3:AF01G0  |h Other scheme